[Event "4NCL/Div2/BARY vs. CAMB1"]
[Site "Wokefield Park ENG"]
[Date "2007.03.04"]
[Round "8.4"]
[White "Moskovic, David M"]
[Black "Kilpatrick, Callum"]
[Result "1-0"]
[WhiteElo "2273"]
[BlackElo "2142"]
[PlyCount "73"]
[EventDate "2007.03.04"]

1. e4 e5 2. f4 Bc5 3. Nf3 d6 4. Nc3 Nc6 5. Bb5 Nf6 6. d3 Bg4 7. Bxc6+ bxc6 8.
h3 Bxf3 9. Qxf3 Rb8 10. Na4 Bb6 11. Nxb6 cxb6 12. fxe5 dxe5 13. Bg5 h6 14. Bh4
g5 15. O-O gxh4 16. Qxf6 Qxf6 17. Rxf6 Ke7 18. Raf1 Rbf8 19. Rxc6 Rc8 20. Rff6
Rxc6 21. Rxc6 Kd7 22. Rf6 Ke7 23. Rf5 f6 24. Kf2 Rc8 25. c3 Rd8 26. Rf3 Ke6 27.
g3 hxg3+ 28. Rxg3 f5 29. exf5+ Kxf5 30. Ke3 Rd7 31. a4 Rc7 32. Rf3+ Ke6 33. Ke4
Rg7 34. Rf5 Rg3 35. Rh5 Kf6 36. Rxh6+ Kg7 37. Rh4 1-0

[Event "4NCL/Div2/BARY vs. CAMB1"]
[Site "Wokefield Park ENG"]
[Date "2007.03.04"]
[Round "8.5"]
[White "Levermore, Peter A"]
[Black "Churm, Rohan M"]
[Result "1/2-1/2"]
[WhiteElo "2104"]
[BlackElo "2185"]
[PlyCount "40"]
[EventDate "2007.03.04"]

1. e4 e6 2. d4 d5 3. Nc3 Nf6 4. Bg5 Be7 5. e5 Nfd7 6. Bxe7 Qxe7 7. f4 O-O 8.
Nf3 c5 9. dxc5 Nxc5 10. Bd3 f5 11. exf6 Qxf6 12. g3 Nc6 13. O-O Bd7 14. Qd2 Be8
15. Rae1 a6 16. a3 Nxd3 17. Qxd3 Bg6 18. Qd2 Rac8 19. Ne5 Nxe5 20. Rxe5 Rc6
1/2-1/2

[Event "4NCL/Div2/BARY vs. CAMB1"]
[Site "Wokefield Park ENG"]
[Date "2007.03.04"]
[Round "8.6"]
[White "Eckersley-Waites, Adam"]
[Black "Moore, John C"]
[Result "1/2-1/2"]
[WhiteElo "2167"]
[BlackElo "2032"]
[PlyCount "83"]
[EventDate "2007.03.04"]

1. e4 e5 2. Nf3 Nc6 3. Bb5 a6 4. Ba4 Nf6 5. O-O Be7 6. Re1 b5 7. Bb3 O-O 8. a4
Bb7 9. d3 d6 10. c3 Na5 11. Ba2 c5 12. Nbd2 Bc8 13. axb5 Qb6 14. bxa6 Bxa6 15.
Nf1 Bc8 16. Bb1 Be6 17. h3 Nb3 18. Rxa8 Rxa8 19. Be3 Ra1 20. Qe2 Qa6 21. Ng3 h6
22. Qc2 Qa5 23. Rf1 Qa4 24. Nf5 Bf8 25. g4 Bxf5 26. exf5 Be7 27. Nh2 Nd5 28. c4
Nb4 29. Qe2 Nc6 30. f4 Nbd4 31. Qf2 exf4 32. Bxf4 Ne5 33. Bxe5 dxe5 34. h4 Qc6
35. Qe3 Bxh4 36. Qxe5 Ra8 37. Qe4 Qxe4 38. dxe4 Rb8 39. Nf3 Bf6 40. e5 Nxf3+
41. Rxf3 Bxe5 42. b3 1/2-1/2

[Event "4NCL/Div2/BARY vs. CAMB1"]
[Site "Wokefield Park ENG"]
[Date "2007.03.04"]
[Round "8.7"]
[White "Wells, Daniel"]
[Black "Cooley, Oliver"]
[Result "1/2-1/2"]
[WhiteElo "2022"]
[BlackElo "2105"]
[PlyCount "81"]
[EventDate "2007.03.04"]

1. e4 d5 2. exd5 Qxd5 3. Nc3 Qa5 4. d4 Nf6 5. Nf3 Bg4 6. Bc4 e6 7. Bd2 c6 8.
Nd5 Qd8 9. Nxf6+ Qxf6 10. Qe2 Bd6 11. h3 Bxf3 12. gxf3 b5 13. Bd3 Qxd4 14.
O-O-O Bf4 15. Be3 Bxe3+ 16. fxe3 Qc5 17. Rhg1 O-O 18. f4 Na6 19. Rg5 f5 20.
Rdg1 Rf7 21. a3 Rd8 22. e4 h6 23. Rg6 fxe4 24. Qxe4 Qd4 25. Qxe6 Kf8 26. Qxc6
Rc7 27. Qxb5 Qxd3 28. Qxd3 Rxd3 29. Rxa6 Rxh3 30. Rd1 Rf3 31. Rd8+ Ke7 32. Ra8
Rxf4 33. R8xa7 Rf1+ 34. Kd2 Rf2+ 35. Ke3 Rfxc2 36. b4 Rxa7 37. Rxa7+ Kd6 38.
Rxg7 Kd5 39. Rd7+ Kc6 40. Rh7 Rc3+ 41. Kd4 1/2-1/2

[Event "4NCL/Div2/BARY vs. CAMB1"]
[Site "Wokefield Park ENG"]
[Date "2007.03.04"]
[Round "8.8"]
[White "Campbell, Mark"]
[Black "Bhatia, Kanwal K"]
[Result "1/2-1/2"]
[WhiteElo "1975"]
[BlackElo "2047"]
[PlyCount "32"]
[EventDate "2007.03.04"]

1. e4 e5 2. Nf3 Nc6 3. Bb5 a6 4. Ba4 Nf6 5. O-O b5 6. Bb3 Bc5 7. c3 d6 8. d4
Bb6 9. dxe5 dxe5 10. Qxd8+ Nxd8 11. Nxe5 Bb7 12. Nd2 O-O 13. Bc2 Re8 14. Nef3
Nxe4 15. Nxe4 Bxe4 16. Bxe4 Rxe4 1/2-1/2

[Event "4NCL/Div2/SLOS2 vs. PPA1"]
[Site "Wokefield Park ENG"]
[Date "2007.03.04"]
[Round "8.1"]
[White "Cox, Tristan"]
[Black "Harley, Andrew"]
[Result "1-0"]
[WhiteElo "2123"]
[BlackElo "2225"]
[PlyCount "119"]
[EventDate "2007.03.04"]

1. Nf3 Nf6 2. c4 c5 3. Nc3 d5 4. cxd5 Nxd5 5. e4 Nb4 6. Bb5+ N8c6 7. d4 cxd4 8.
a3 dxc3 9. Qxd8+ Kxd8 10. axb4 cxb2 11. Bxb2 Bd7 12. Bxc6 Bxc6 13. Ne5 Ke8 14.
Nxc6 bxc6 15. Ke2 e6 16. Ra6 f6 17. Bc3 Be7 18. Rha1 Kf7 19. Rxa7 Rxa7 20. Rxa7
Rb8 21. Rc7 e5 22. Kd3 h5 23. f4 exf4 24. e5 f5 25. Bd4 Ke6 26. Rxc6+ Kd5 27.
Rc7 Bxb4 28. Rd7+ Ke6 29. Rxg7 Be7 30. Bc3 Rb1 31. Kc4 Rg1 32. Rg6+ Kf7 33. Rh6
Rxg2 34. e6+ Kf8 35. Rh8+ Rg8 36. Rxh5 Rg5 37. Rh8+ Rg8 38. Rh7 Ke8 39. Kd3 Bd8
40. Bb4 Bf6 41. Ra7 Rg7 42. Ra8+ Bd8 43. Ba5 Ke7 44. Bxd8+ Kxe6 45. Ra6+ Kd5
46. Ra5+ Ke6 47. Ra6+ Kd5 48. h4 Rg3+ 49. Ke2 Rh3 50. Ra4 f3+ 51. Kf2 Ke5 52.
Bc7+ Kf6 53. Ra6+ Kg7 54. Ra4 Kg6 55. Bg3 Kh5 56. Kxf3 Rh1 57. Ra5 Kg6 58. Ra6+
Kg7 59. Kf4 Rf1+ 60. Kg5 1-0

[Event "4NCL/Div2/SLOS2 vs. PPA1"]
[Site "Wokefield Park ENG"]
[Date "2007.03.04"]
[Round "8.2"]
[White "Moore, Gerald"]
[Black "Linford, Charles"]
[Result "1-0"]
[WhiteElo "2237"]
[BlackElo "2142"]
[PlyCount "95"]
[EventDate "2007.03.04"]

1. Nf3 c5 2. c4 b6 3. g3 Bb7 4. Bg2 e6 5. O-O Nf6 6. Nc3 a6 7. Re1 d6 8. e4
Nbd7 9. d4 cxd4 10. Nxd4 Qc7 11. Be3 Be7 12. Rc1 O-O 13. f4 h6 14. Bf2 Rac8 15.
b3 Rfe8 16. g4 Nh7 17. Qd2 Qd8 18. h3 Ba8 19. Bg3 Ndf8 20. Red1 Rc7 21. Kh2 Bf6
22. Qe3 Rd7 23. Rd3 Ng6 24. Nf3 e5 25. fxe5 Nxe5 26. Bxe5 Bxe5+ 27. Nxe5 Rxe5
28. Rcd1 h5 29. Na4 Bc6 30. Nxb6 Rb7 31. c5 hxg4 32. Rxd6 Qc7 33. Nd5 Bxd5 34.
R1xd5 Re8 35. e5 gxh3 36. Qxh3 Rb5 37. Qd7 Qxd7 38. Rxd7 Nf8 39. Ra7 Ne6 40. c6
Rc8 41. Rxb5 axb5 42. Rb7 Nd4 43. c7 Kh7 44. Bh3 Ne6 45. Bxe6 fxe6 46. Kg3 Kg6
47. Kg4 Kh6 48. a4 1-0

[Event "4NCL/Div2/SLOS2 vs. PPA1"]
[Site "Wokefield Park ENG"]
[Date "2007.03.04"]
[Round "8.3"]
[White "Roberson, Peter T"]
[Black "Swanson, Stephen"]
[Result "0-1"]
[WhiteElo "2202"]
[BlackElo "2249"]
[PlyCount "110"]
[EventDate "2007.03.04"]

1. e4 g6 2. d4 Bg7 3. Nf3 d6 4. Bc4 e6 5. h4 h6 6. Nc3 a6 7. h5 g5 8. Be3 b5 9.
Bd3 Nd7 10. Ne2 Ne7 11. c3 c5 12. a4 Rb8 13. axb5 axb5 14. b4 c4 15. Bc2 f5 16.
d5 fxe4 17. dxe6 exf3 18. exd7+ Qxd7 19. gxf3 Bb7 20. Be4 Bxe4 21. fxe4 O-O 22.
Bd4 Nc6 23. Bxg7 Kxg7 24. Ng3 Ne5 25. Nf5+ Rxf5 26. exf5 Nd3+ 27. Kd2 Qxf5 28.
Qe2 Kf8 29. Qe3 Re8 30. Qd4 Qf4+ 31. Qxf4+ gxf4 32. Rh3 Nxf2 33. Rf3 Nd3 34.
Raf1 Re4 35. Rxd3 cxd3 36. Kxd3 d5 37. Rg1 Kf7 38. Rg6 Re6 39. Rg4 Rf6 40. Ke2
Ke6 41. Kf3 Ke5 42. Rg8 Rc6 43. Re8+ Kf5 44. Rf8+ Kg5 45. Rg8+ Kxh5 46. Kxf4
Rxc3 47. Ke5 Rc4 48. Kxd5 Rxb4 49. Rg1 Rg4 50. Rh1+ Kg5 51. Ke5 b4 52. Rf1 b3
53. Rf5+ Kh4 54. Rf1 b2 55. Kf5 Rb4 0-1

[Event "4NCL/Div2/SLOS2 vs. PPA1"]
[Site "Wokefield Park ENG"]
[Date "2007.03.04"]
[Round "8.4"]
[White "Byway, Paul"]
[Black "Ruston, Mark R"]
[Result "1-0"]
[WhiteElo "2175"]
[BlackElo "2112"]
[PlyCount "133"]
[EventDate "2007.03.04"]

1. d4 e6 2. Nf3 c5 3. c3 d5 4. e3 Nf6 5. Nbd2 Nc6 6. Bd3 Qc7 7. O-O Bd7 8. a3
c4 9. Bc2 Bd6 10. e4 dxe4 11. Nxe4 Nxe4 12. Bxe4 f5 13. Bc2 O-O-O 14. b3 cxb3
15. Bxb3 e5 16. h3 h6 17. dxe5 Nxe5 18. Be3 g5 19. Bd4 Nxf3+ 20. Qxf3 g4 21.
hxg4 fxg4 22. Qd3 Rhf8 23. Bd5 Bf5 24. Qc4 Qxc4 25. Bxc4 Kb8 26. Rfe1 Rfe8 27.
a4 h5 28. Rxe8 Rxe8 29. Bf7 Re7 30. Bd5 h4 31. Bf6 Rh7 32. Re1 h3 33. gxh3 gxh3
34. Be5 Bxe5 35. Rxe5 Rg7+ 36. Kh2 Bd7 37. f4 Kc7 38. Be6 Bxa4 39. Ra5 Bc6 40.
f5 Rh7 41. f6 Be8 42. Rg5 Kb6 43. Rg7 Rh6 44. f7 Bxf7 45. Bxf7 Rc6 46. Rg3 Rc7
47. Be6 a6 48. Kxh3 Re7 49. Bb3 Kc5 50. Kg2 Re2+ 51. Kf3 Rb2 52. Bf7 b5 53.
Rg5+ Kb6 54. Ke3 b4 55. c4 Rh2 56. c5+ Kc7 57. Kd4 Rh4+ 58. Kd3 a5 59. Bd5 Rh3+
60. Kc4 Rc3+ 61. Kb5 b3 62. Rg7+ Kd8 63. Kc6 b2 64. Kd6 Re3 65. Rg8+ Re8 66.
Rxe8+ Kxe8 67. Ba2 1-0

[Event "4NCL/Div2/SLOS2 vs. PPA1"]
[Site "Wokefield Park ENG"]
[Date "2007.03.04"]
[Round "8.5"]
[White "Muter, Donny"]
[Black "Dunn, Andrew"]
[Result "1/2-1/2"]
[WhiteElo "2162"]
[BlackElo "2190"]
[PlyCount "65"]
[EventDate "2007.03.04"]

1. d4 d5 2. Nf3 Nf6 3. c4 c6 4. Nc3 a6 5. e3 Bg4 6. Qb3 Ra7 7. Ne5 Bf5 8. Bd2
e6 9. Be2 Nbd7 10. f4 Ne4 11. Nxe4 Bxe4 12. O-O Be7 13. Bd3 Nf6 14. c5 Bxd3 15.
Qxd3 Ne4 16. b4 O-O 17. a4 f6 18. Nf3 Qd7 19. Ra2 Rb8 20. Rb1 b6 21. Rab2 b5
22. Ra2 Bd8 23. Rba1 Rab7 24. axb5 axb5 25. Ra6 Bc7 26. Bc1 Re8 27. Ra7 Bb8 28.
Rxb7 Qxb7 29. Bb2 Re7 30. Qa3 Re8 31. Qa6 Qxa6 32. Rxa6 Rc8 33. Kf1 1/2-1/2

[Event "4NCL/Div2/SLOS2 vs. PPA1"]
[Site "Wokefield Park ENG"]
[Date "2007.03.04"]
[Round "8.6"]
[White "Dignam, Matthew"]
[Black "Edgell, Ben P"]
[Result "1/2-1/2"]
[WhiteElo "2132"]
[BlackElo "2043"]
[PlyCount "86"]
[EventDate "2007.03.04"]

1. d4 Nf6 2. c4 e6 3. Nc3 Bb4 4. Qc2 O-O 5. e4 d5 6. e5 Ne4 7. Bd3 c5 8. dxc5
Qa5 9. Bxe4 Bxc3+ 10. bxc3 dxe4 11. Be3 Nc6 12. Ne2 Nxe5 13. Qxe4 Nc6 14. O-O
e5 15. f4 Bg4 16. Ng3 exf4 17. Qxf4 Be6 18. Ne4 Rad8 19. Qg3 Kh8 20. Rf4 f6 21.
Rh4 Ne7 22. Nd6 Nf5 23. Nxf5 Bxf5 24. Bd4 Rf7 25. Rf1 Be6 26. Qd3 f5 27. Qh3
Kg8 28. Rxh7 Kf8 29. Rh8+ Ke7 30. Rxd8 Qxd8 31. Re1 Qd7 32. Be5 Qd2 33. Qh4+ g5
34. Qg3 Kd7 35. Bb8 f4 36. Qf2 Qxf2+ 37. Kxf2 Bxc4 38. Bxa7 Bxa2 39. Rd1+ Ke6
40. Rd6+ Kf5 41. Bb8 Be6 42. Rd2 Rf8 43. Bd6 Ra8 1/2-1/2

[Event "4NCL/Div2/SLOS2 vs. PPA1"]
[Site "Wokefield Park ENG"]
[Date "2007.03.04"]
[Round "8.7"]
[White "Foster, James J"]
[Black "Goodger, Martyn"]
[Result "1-0"]
[WhiteElo "2067"]
[BlackElo "2096"]
[PlyCount "67"]
[EventDate "2007.03.04"]

1. c4 f5 2. Nc3 Nf6 3. g3 g6 4. Bg2 Bg7 5. e3 d6 6. Nge2 e5 7. O-O O-O 8. d3
Nc6 9. Rb1 Be6 10. b4 d5 11. b5 Ne7 12. d4 e4 13. c5 b6 14. a4 bxc5 15. dxc5
Ng4 16. Nd4 Bf7 17. a5 Ne5 18. Ba3 c6 19. Qa4 cxb5 20. Ncxb5 N7c6 21. Nxc6 Nxc6
22. Nd6 Nxa5 23. c6 Be8 24. Rfc1 Bxc6 25. Rxc6 Nxc6 26. Qxc6 Qa5 27. Bc5 Qa2
28. Rb7 Rab8 29. Rxa7 Rb1+ 30. Bf1 Qb3 31. Qa6 Rb8 32. Nb7 Rxb7 33. Qe6+ Rf7
34. Qxf7+ 1-0

[Event "4NCL/Div2/SLOS2 vs. PPA1"]
[Site "Wokefield Park ENG"]
[Date "2007.03.04"]
[Round "8.8"]
[White "Davison, Chris"]
[Black "Martin, Katie"]
[Result "0-1"]
[WhiteElo "1810"]
[BlackElo "1938"]
[PlyCount "70"]
[EventDate "2007.03.04"]

1. e4 e5 2. Nf3 Nc6 3. Bb5 a6 4. Ba4 Nf6 5. O-O Be7 6. Re1 b5 7. Bb3 d6 8. c3
O-O 9. h3 Na5 10. Bc2 c5 11. d4 Qc7 12. dxe5 dxe5 13. Qe2 c4 14. Bg5 Nb7 15. a4
Rb8 16. Be3 Nc5 17. axb5 axb5 18. Nbd2 Bb7 19. Nh2 Rbd8 20. Ng4 Nfxe4 21. Nxe4
Nxe4 22. Ra7 Nc5 23. Bxc5 Bxc5 24. Nf6+ gxf6 25. Qh5 Rd3 26. Rxb7 Qxb7 27. Rxe5
Bxf2+ 28. Kxf2 Qb6+ 29. Rc5 Rd2+ 30. Kg3 Rxc2 31. Qg4+ Kh8 32. Qd4 Rg8+ 33. Kh4
Rcxg2 34. b4 Qe6 35. Rg5 Qe1+ 0-1

[Event "4NCL/Div2/GUI3 vs. RIC"]
[Site "Wokefield Park ENG"]
[Date "2007.05.05"]
[Round "9.1"]
[White "Wallace, John P"]
[Black "Markos, Jan"]
[Result "0-1"]
[WhiteElo "2404"]
[BlackElo "2534"]
[PlyCount "40"]
[EventDate "2007.05.05"]
[EventType "team"]
[EventRounds "11"]
[EventCountry "ENG"]
[WhiteTeam "Guildford-ADC 3"]
[BlackTeam "Richmond"]

1. Nf3 Nf6 2. c4 e6 3. Nc3 Bb4 4. g4 h6 5. Qc2 d5 6. Qa4+ Nc6 7. Ne5 Be7 8. h4
Bd7 9. Nxd7 Qxd7 10. Bg2 d4 11. Nb5 Nxg4 12. h5 O-O 13. d3 Bb4+ 14. Kf1 f5 15.
Na3 a5 16. Nc2 Ra6 17. a3 Bc5 18. Qb5 Qd6 19. b4 axb4 20. axb4 Nxb4 0-1

[Event "4NCL/Div2/GUI3 vs. RIC"]
[Site "Wokefield Park ENG"]
[Date "2007.05.05"]
[Round "9.2"]
[White "Cech, Pavel"]
[Black "Buckley, Graeme"]
[Result "1-0"]
[WhiteElo "2403"]
[BlackElo "2390"]
[PlyCount "65"]
[EventDate "2007.05.05"]
[EventType "team"]
[EventRounds "11"]
[EventCountry "ENG"]
[WhiteTeam "Richmond"]
[BlackTeam "Guildford-ADC 3"]

1. d4 Nf6 2. c4 g6 3. Nc3 Bg7 4. g3 d5 5. cxd5 Nxd5 6. Bg2 Nb6 7. e3 O-O 8.
Nge2 Nc6 9. O-O Bd7 10. Ne4 Qc8 11. Nc5 Bh3 12. Bxh3 Qxh3 13. Nxb7 e5 14. d5
Ne7 15. Nc3 f5 16. d6 cxd6 17. Qxd6 Rf7 18. Nd8 Nc4 19. Qd7 Rxd8 20. Qxd8+ Bf8
21. Nd5 Nc6 22. Qc8 e4 23. Nf4 Qh6 24. h4 N4e5 25. Qe6 Kg7 26. b4 Re7 27. Qd6
Kf7 28. Bb2 Qg7 29. Kg2 Ke8 30. Rac1 Nd8 31. Rc8 Nef7 32. Qc6+ Rd7 33. Bxg7 1-0

[Event "4NCL/Div2/GUI3 vs. RIC"]
[Site "Wokefield Park ENG"]
[Date "2007.05.05"]
[Round "9.3"]
[White "Povah, Nigel E"]
[Black "Bates, Richard A"]
[Result "1/2-1/2"]
[WhiteElo "2360"]
[BlackElo "2374"]
[PlyCount "97"]
[EventDate "2007.05.05"]
[EventType "team"]
[EventRounds "11"]
[EventCountry "ENG"]
[WhiteTeam "Guildford-ADC 3"]
[BlackTeam "Richmond"]

1. d4 Nf6 2. Bg5 Ne4 3. Bf4 c5 4. f3 Qa5+ 5. c3 Nf6 6. Nd2 cxd4 7. Nb3 Qb6 8.
Qxd4 Nc6 9. Qxb6 axb6 10. Be3 e5 11. Bxb6 d5 12. a3 d4 13. cxd4 Nd5 14. Bc5
exd4 15. Bxd4 Nxd4 16. Nxd4 Bc5 17. Nb5 Bb4+ 18. Kf2 Bc5+ 19. e3 Bxe3+ 20. Ke1
O-O 21. Rd1 Be6 22. Bc4 Rad8 23. Ne2 Nb4 24. axb4 Rxd1+ 25. Kxd1 Bxc4 26. Nec3
Rd8+ 27. Kc2 Rd2+ 28. Kb1 Rxg2 29. Nd6 Bd3+ 30. Ka2 Bd2 31. Kb3 b6 32. Nd5 b5
33. Ra1 g6 34. Ra8+ Kg7 35. Ra7 Bc1 36. Rxf7+ Kh6 37. Nf6 Rxb2+ 38. Kc3 Bb1 39.
Rxh7+ Kg5 40. Nfe4+ Kf4 41. Nxb5 Kxf3 42. Nc5 Rc2+ 43. Kd4 Be3+ 44. Kd5 Ba2+
45. Kc6 Rc4 46. Na3 Rc3 47. Nb5 Rc4 48. Na3 Rc3 49. Nb5 1/2-1/2

[Event "4NCL/Div2/GUI3 vs. RIC"]
[Site "Wokefield Park ENG"]
[Date "2007.05.05"]
[Round "9.4"]
[White "Wall, Gavin"]
[Black "Granat, Russell G"]
[Result "1-0"]
[WhiteElo "2324"]
[BlackElo "2268"]
[PlyCount "71"]
[EventDate "2007.05.05"]
[EventType "team"]
[EventRounds "11"]
[EventCountry "ENG"]
[WhiteTeam "Richmond"]
[BlackTeam "Guildford-ADC 3"]

1. e4 c5 2. Nf3 Nc6 3. Bb5 Nd4 4. Nxd4 cxd4 5. O-O a6 6. Bc4 Qc7 7. d3 Nf6 8.
c3 e6 9. Qe2 dxc3 10. Nxc3 b5 11. Bb3 Bb7 12. Bg5 Bd6 13. f4 h6 14. Bxf6 gxf6
15. Rac1 Qb6+ 16. Kh1 Rg8 17. Rf3 Rc8 18. Rcf1 b4 19. Nd1 f5 20. Rg3 Rxg3 21.
hxg3 fxe4 22. dxe4 Ke7 23. Nf2 Rg8 24. Kh2 Bc5 25. Nd3 Bd4 26. Rd1 Qb5 27. e5
a5 28. Qd2 h5 29. Nxb4 axb4 30. Qxd4 Bc6 31. f5 Ke8 32. fxe6 fxe6 33. Bxe6 Rg7
34. Bh3 Re7 35. e6 Kd8 36. exd7 1-0

[Event "4NCL/Div2/GUI3 vs. RIC"]
[Site "Wokefield Park ENG"]
[Date "2007.05.05"]
[Round "9.5"]
[White "Tymrakiewicz, Rafal"]
[Black "Bisby, Daniel L"]
[Result "1/2-1/2"]
[WhiteElo "2238"]
[BlackElo "2276"]
[PlyCount "95"]
[EventDate "2007.05.05"]
[EventType "team"]
[EventRounds "11"]
[EventCountry "ENG"]
[WhiteTeam "Guildford-ADC 3"]
[BlackTeam "Richmond"]

1. d4 Nf6 2. Nf3 e6 3. Bg5 h6 4. Bh4 b6 5. e3 Bb7 6. Bd3 Be7 7. Nbd2 g5 8. Bg3
g4 9. Ne5 h5 10. f3 d6 11. Nec4 c5 12. c3 h4 13. Bf2 h3 14. g3 Nc6 15. O-O gxf3
16. Nxf3 Qc7 17. e4 O-O-O 18. Ne3 d5 19. exd5 Nxd5 20. Nxd5 Rxd5 21. Qe2 Rdd8
22. Ba6 Bxa6 23. Qxa6+ Qb7 24. Qxb7+ Kxb7 25. dxc5 bxc5 26. Rad1 Kc7 27. Be3
Rxd1 28. Rxd1 c4 29. Kf2 Kc8 30. Ke2 Rh5 31. Rf1 Ra5 32. a3 Rb5 33. Bc1 Ne5 34.
Nxe5 Rxe5+ 35. Kd1 Rd5+ 36. Kc2 f5 37. Rf4 Rc5 38. Be3 Rc7 39. Bd4 Bg5 40. Rf2
Kd7 41. Be5 Rc6 42. Rf1 Rc5 43. Bf4 Bxf4 44. gxf4 e5 45. Rf3 exf4 46. Rxf4 Ke6
47. Rh4 Re5 48. Kd2 1/2-1/2

[Event "4NCL/Div2/GUI3 vs. RIC"]
[Site "Wokefield Park ENG"]
[Date "2007.05.05"]
[Round "9.6"]
[White "Osborne, Marcus E"]
[Black "Richardson, Keith B"]
[Result "1/2-1/2"]
[WhiteElo "2253"]
[BlackElo "2236"]
[PlyCount "56"]
[EventDate "2007.05.05"]
[EventType "team"]
[EventRounds "11"]
[EventCountry "ENG"]
[WhiteTeam "Richmond"]
[BlackTeam "Guildford-ADC 3"]

1. d4 g6 2. g3 Bg7 3. Bg2 Nf6 4. c4 O-O 5. Nc3 d6 6. Nf3 Nc6 7. O-O e5 8. d5
Ne7 9. e4 c5 10. Ne1 Nd7 11. Nd3 f5 12. f4 a6 13. Kh1 b5 14. cxb5 axb5 15. Nxb5
fxe4 16. Nxe5 dxe5 17. d6 Ba6 18. Qb3+ Kh8 19. dxe7 Qxe7 20. Bd2 exf4 21. Rxf4
Rxf4 22. Bxf4 Ne5 23. Bxe5 Qxe5 24. Nc3 Bd3 25. Qb7 Rb8 26. Qd7 c4 27. Re1 e3
28. Qa7 e2 1/2-1/2

[Event "4NCL/Div2/GUI3 vs. RIC"]
[Site "Wokefield Park ENG"]
[Date "2007.05.05"]
[Round "9.7"]
[White "Horton, Justin"]
[Black "Franklin, Michael J"]
[Result "0-1"]
[WhiteElo "2140"]
[BlackElo "2215"]
[PlyCount "78"]
[EventDate "2007.05.05"]
[EventType "team"]
[EventRounds "11"]
[EventCountry "ENG"]
[WhiteTeam "Guildford-ADC 3"]
[BlackTeam "Richmond"]

1. Nf3 Nf6 2. c4 c6 3. d4 d5 4. Nc3 e6 5. e3 Nbd7 6. Bd3 a6 7. e4 dxe4 8. Nxe4
Nxe4 9. Bxe4 Bb4+ 10. Bd2 Bxd2+ 11. Qxd2 O-O 12. O-O Qf6 13. Rfe1 c5 14. d5 Nb6
15. Qc2 g6 16. Rad1 exd5 17. cxd5 Qd6 18. h3 Bd7 19. Qd2 Rfe8 20. Bc2 Rxe1+ 21.
Rxe1 Re8 22. Rd1 Nc8 23. Ng5 b6 24. Ne4 Qe5 25. Qc3 Qxc3 26. bxc3 Kg7 27. Bd3
c4 28. Bb1 f5 29. Nd2 Nd6 30. Nf3 Kf6 31. Nd4 b5 32. Kf1 a5 33. Nc6 Bxc6 34.
dxc6 Ke7 35. Rd5 Rc8 36. a4 Rxc6 37. axb5 Rb6 38. Re5+ Kf6 39. Rd5 Nxb5 0-1

[Event "4NCL/Div2/GUI3 vs. RIC"]
[Site "Wokefield Park ENG"]
[Date "2007.05.05"]
[Round "9.8"]
[White "Chevannes, Sabrina"]
[Black "Morris, Claire H"]
[Result "1-0"]
[WhiteElo "2080"]
[BlackElo "1880"]
[PlyCount "97"]
[EventDate "2007.05.05"]
[EventType "team"]
[EventRounds "11"]
[EventCountry "ENG"]
[WhiteTeam "Richmond"]
[BlackTeam "Guildford-ADC 3"]

1. d4 Nf6 2. Nf3 g6 3. Nc3 Bg7 4. e4 d6 5. Be3 O-O 6. Qd2 Re8 7. O-O-O Nbd7 8.
Bd3 Ng4 9. Bg5 f6 10. Bc4+ e6 11. Bf4 Nb6 12. Bb3 g5 13. h3 Nxf2 14. Qxf2 gxf4
15. Qh4 a5 16. a4 Re7 17. Qxf4 Qf8 18. Kb1 Bh6 19. Qh4 Qg7 20. g4 Kh8 21. Rhg1
Bg5 22. Qg3 Qh6 23. h4 Bf4 24. Qe1 Rg7 25. e5 d5 26. exf6 Qxf6 27. g5 Qe7 28.
Rf1 Bd7 29. Ne5 Bxe5 30. Qxe5 Bc6 31. Rf2 Rc8 32. Rdf1 Nd7 33. Qe3 Rf8 34.
Rxf8+ Nxf8 35. Ne2 Rf7 36. Rg1 Rg7 37. Nf4 Kg8 38. Nh5 Rf7 39. Nf6+ Kh8 40. Ng4
Nd7 41. h5 Rg7 42. Nh6 Nb6 43. Qe5 Be8 44. Re1 Qxg5 45. Qxe6 Bxh5 46. Nf5 Rd7
47. Qe5+ Rg7 48. Nxg7 Qxg7 49. Qxh5 1-0

[Event "4NCL/Div2/BAR2 vs. SLOS2"]
[Site "Wokefield Park ENG"]
[Date "2007.05.05"]
[Round "9.1"]
[White "Twyble, Michael S"]
[Black "Rees, Ioan"]
[Result "1-0"]
[WhiteElo "2249"]
[BlackElo "2257"]
[PlyCount "111"]
[EventDate "2007.05.05"]
[EventType "team"]
[EventRounds "11"]
[EventCountry "ENG"]
[WhiteTeam "Barbican 4NCL 2"]
[BlackTeam "Slough Sharks 2"]

1. d4 Nf6 2. c4 c5 3. d5 b5 4. cxb5 a6 5. bxa6 g6 6. Nc3 Bxa6 7. g3 d6 8. Bg2
Bg7 9. Nf3 Nbd7 10. Rb1 Nb6 11. b3 Bb7 12. e4 Ba6 13. Bf1 Ng4 14. Bb2 Ne5 15.
Nxe5 Bxe5 16. Bxa6 Rxa6 17. Qe2 Qc8 18. O-O O-O 19. a4 c4 20. b4 Bxc3 21. Bxc3
Rxa4 22. Bd4 Qb7 23. Rfc1 Rfa8 24. Rc2 Rb8 25. Bxb6 Qxb6 26. Rxc4 Qa6 27. b5
Ra2 28. Qd3 Qb6 29. Rc2 Ra4 30. Rc6 Qd8 31. b6 Rb7 32. Qc3 Ra8 33. Rc7 Rab8 34.
Rb4 Qe8 35. Rbc4 Rxc7 36. Rxc7 Qb5 37. b7 Qb1+ 38. Kg2 Qxe4+ 39. Qf3 Qxf3+ 40.
Kxf3 Kg7 41. Rxe7 Kf6 42. Rd7 Ke5 43. Rxf7 h5 44. Rg7 Kf6 45. Rc7 Ke5 46. h4
Rf8+ 47. Ke3 Rb8 48. Rg7 Kf6 49. Rc7 Ke5 50. Kd3 Kxd5 51. f4 Ke6 52. Ke4 d5+
53. Kd4 Kf5 54. Kxd5 Kg4 55. Kc6 Kxg3 56. Rg7 1-0

[Event "4NCL/Div2/BAR2 vs. SLOS2"]
[Site "Wokefield Park ENG"]
[Date "2007.05.05"]
[Round "9.2"]
[White "Williams, Samuel G"]
[Black "Taylor, Martin R"]
[Result "1/2-1/2"]
[WhiteElo "2254"]
[BlackElo "2328"]
[PlyCount "45"]
[EventDate "2007.05.05"]
[EventType "team"]
[EventRounds "11"]
[EventCountry "ENG"]
[WhiteTeam "Slough Sharks 2"]
[BlackTeam "Barbican 4NCL 2"]

1. d4 d5 2. c4 e6 3. Nc3 Nf6 4. cxd5 exd5 5. Bg5 Be7 6. e3 Nbd7 7. Qc2 c6 8.
Bd3 Nh5 9. Bxe7 Qxe7 10. Nge2 g6 11. Rb1 O-O 12. b4 Nb6 13. O-O Ng7 14. b5 c5
15. dxc5 Qxc5 16. Rfc1 Be6 17. Nd4 Rac8 18. Qd1 Qd6 19. Rb2 Rc5 20. Rbc2 Rfc8
21. Nce2 Bd7 22. Rxc5 Rxc5 23. Nb3 1/2-1/2

[Event "4NCL/Div2/BAR2 vs. SLOS2"]
[Site "Wokefield Park ENG"]
[Date "2007.05.05"]
[Round "9.3"]
[White "Eggleston, David J"]
[Black "Kafka, Graeme"]
[Result "1-0"]
[WhiteElo "2301"]
[BlackElo "2120"]
[PlyCount "121"]
[EventDate "2007.05.05"]
[EventType "team"]
[EventRounds "11"]
[EventCountry "ENG"]
[WhiteTeam "Barbican 4NCL 2"]
[BlackTeam "Slough Sharks 2"]

1. e4 c5 2. Nf3 d6 3. d4 cxd4 4. Nxd4 Nf6 5. Nc3 a6 6. g3 e5 7. Nb3 Be7 8. Bg2
b5 9. a4 Bb7 10. axb5 axb5 11. Rxa8 Bxa8 12. Qe2 b4 13. Qb5+ Bc6 14. Qxb4 d5
15. Qa5 Nxe4 16. Nxe4 Qxa5+ 17. Nxa5 Bb4+ 18. Bd2 Bxa5 19. Bxa5 dxe4 20. Bc7 e3
21. f3 O-O 22. Ke2 Nd7 23. Kxe3 Rc8 24. Bd6 Ba4 25. c3 Nb6 26. Bf1 Nc4+ 27.
Bxc4 Rxc4 28. Bxe5 f6 29. Bd4 Bb3 30. Ra1 Ra4 31. Rxa4 Bxa4 32. c4 Kf7 33. b4
Ke6 34. Bc5 f5 35. f4 Bc6 36. Kd4 Be4 37. b5 g6 38. Bb4 Bf3 39. c5 Be2 40. b6
Bf3 41. Bd2 Bc6 42. Kc4 Kd7 43. Bc3 Bf3 44. Bg7 Bg2 45. Bh6 Bf3 46. Kb5 Be2+
47. Kb4 Bf3 48. Kc4 Ke6 49. Kd4 Bc6 50. h3 Bf3 51. g4 Bc6 52. Ke3 Kf6 53. Kf2
Bb7 54. Kg3 Bc6 55. Kh4 Bf3 56. Bf8 fxg4 57. hxg4 h5 58. gxh5 gxh5 59. c6 Bxc6
60. Kxh5 Kf5 61. Bd6 1-0

[Event "4NCL/Div2/BAR2 vs. SLOS2"]
[Site "Wokefield Park ENG"]
[Date "2007.05.05"]
[Round "9.4"]
[White "Purton, Ben J"]
[Black "Berry, Neil"]
[Result "0-1"]
[WhiteElo "2112"]
[BlackElo "2291"]
[PlyCount "58"]
[EventDate "2007.05.05"]
[EventType "team"]
[EventRounds "11"]
[EventCountry "ENG"]
[WhiteTeam "Slough Sharks 2"]
[BlackTeam "Barbican 4NCL 2"]

1. e4 e6 2. d4 d5 3. Nd2 Be7 4. Bd3 c5 5. dxc5 Nf6 6. Qe2 Nc6 7. c3 Bxc5 8. e5
Nd7 9. f4 a5 10. Ngf3 a4 11. h4 Be7 12. h5 Nc5 13. Bb5 Bd7 14. Nd4 Qb6 15. N2f3
Ne4 16. Rh3 Nxd4 17. Bxd7+ Kxd7 18. Nxd4 a3 19. f5 axb2 20. Qxb2 Qxb2 21. Bxb2
Bg5 22. fxe6+ fxe6 23. Rf3 Rhf8 24. Nb5 Rxf3 25. gxf3 Nd2 26. Nd4 Nc4 27. Bc1
Bxc1 28. Rxc1 Rxa2 29. Rb1 b6 0-1